A guide to hajj / (Record no. 124583)

MARC details
000 -LEADER
fixed length control field 00593nam a22002177a 4500
005 - DATE AND TIME OF LATEST TRANSACTION
control field 20170124105941.0
010 ## - LIBRARY OF CONGRESS CONTROL NUMBER
LC control number 848102
020 ## - INTERNATIONAL STANDARD BOOK NUMBER
Terms of availability 00.00
035 ## - SYSTEM CONTROL NUMBER
System control number 848102
037 ## - SOURCE OF ACQUISITION
Source of stock number/acquisition Cen Lib/Ret
040 ## - CATALOGING SOURCE
Original cataloging agency DPL
Language of cataloging EN
082 ## - DEWEY DECIMAL CLASSIFICATION NUMBER
Classification number 270
Item number GUI
245 ## - TITLE STATEMENT
Title A guide to hajj /
Statement of responsibility, etc compiled by S.A. Husain
260 ## - PUBLICATION, DISTRIBUTION, ETC. (IMPRINT)
Name of publisher, distributor, etc Kitab Bhawan
Date of publication, distribution, etc 1977
Place of publication, distribution, etc New Delhi
270 ## - ADDRESS
Address 1214, kalan mahal, dariya ganj
City New Delhi
Postal code 110002
300 ## - PHYSICAL DESCRIPTION
Extent viii, 89p. :
Dimensions 17cm(Hb)
650 ## - SUBJECT ADDED ENTRY--TOPICAL TERM
Topical term or geographic name as entry element Islam
9 (RLIN) 5289
650 ## - SUBJECT ADDED ENTRY--TOPICAL TERM
Topical term or geographic name as entry element Hajj
9 (RLIN) 11249
700 ## - ADDED ENTRY--PERSONAL NAME
Personal name Husain, S.A.
9 (RLIN) 11250
942 ## - ADDED ENTRY ELEMENTS (KOHA)
Source of classification or shelving scheme Dewey Decimal Classification
Koha item type English Books
Classification part 270
Call number suffix GUI
Holdings
Withdrawn status Lost status Damaged status Not for loan Home library Current library Date acquired Source of acquisition Cost, normal purchase price Total Checkouts Full call number Barcode Date last seen Copy number Cost, replacement price Price effective from Koha item type Public note
Written off       Central Library Central Library 17/06/2015 Cen Lib/Ret 0.00   270 GUI 848102 17/06/2015 1 0.00 17/06/2015 English Books W/d List No. 6894/15 ; dtd 17/10/2020

© Delhi Public Library
Hit Counter
free hit counter